000 00571cam a22002053a 4500
001 43985
003 PGUSA
005 20140828084013.0
008 131020s2013||||xxu|||||s|||||000 | eng d
040 _aPGUSA
_beng
042 _adc
100 1 _aBaring-Gould, S.
_q(Sabine),
_d1834-1924
245 1 0 _aDomitia
_h[electronic resource] /
_cS. Baring-Gould
260 _bProject Gutenberg,
_c2013
506 _aPublic domain in the USA.
516 _aElectronic text
830 0 _aProject Gutenberg
_v43985
856 4 0 _uhttp://www.gutenberg.org/ebooks/43985
942 _cEB
999 _c273236
_d273236